000 00462cam a2200193 4500
001 D3557
008 090401t1981 xxu||||| |||| 00| 0 eng d
035 _a(Sirsi) u73768
041 _aeng
050 _a693.832
110 _aEurisol-UK
_9319
245 _aBrick spalling: cavity walls
260 _aBromley, Kent
_bEurisol-UK
_c1981
300 _a2p. illus. 30cm
350 _a0
490 _aInsulation Fact Sheet
_v2
942 _n0
948 _c04/03/1997
999 _c95696
_d95696